| 000 | 004710000a22001810004500 | ||
|---|---|---|---|
| 003 | MACL | ||
| 005 | 20150711130331.0 | ||
| 008 | 150711b xxu||||| |||| 00| 0 eng d | ||
| 040 |
_aMACL _cMACL |
||
| 041 | _aEnglish | ||
| 082 | _a320/KOT | ||
| 100 |
_aKothari, Rajni _91710 |
||
| 245 |
_aState against Democracy _bIn Search of Humane Governance |
||
| 260 |
_bAjanta Publication _c1988 _aDelhi |
||
| 350 | _a200 | ||
| 650 |
_aPolitical Science _988 |
||
| 942 |
_cBK _k320 _2ddc |
||
| 999 |
_c6215 _d6215 |
||